000
00289nam a22001217a 4500
008
230704b xxu||||| |||| 00| 0 eng d
082
_a
342
_b
CKRC
110
_b
CKRC
245
_a
the popular version of the New Constitution
260
_b
CKRC
_c
Sept 2005
300
_a
78p
942
_2
ddc
_c
BK
999
_c
3784
_d
3784